| 000 | 00757cam a22002653a 4500 | ||
|---|---|---|---|
| 001 | 32935 | ||
| 003 | PGUSA | ||
| 005 | 20140828083719.0 | ||
| 008 | 100620s2010||||xxu|||||s|||||000 1 eng d | ||
| 040 |
_aPGUSA _beng |
||
| 042 | _adc | ||
| 050 | 4 | _aPR | |
| 100 | 1 |
_aVaizey, George de Horne, _cMrs, _d1857-1917 |
|
| 245 | 1 | 0 |
_aWhat a Man Wills _h[electronic resource] / _cGeorge de Horne, Vaizey |
| 260 |
_bProject Gutenberg, _c2010 |
||
| 506 | _aPublic domain in the USA. | ||
| 516 | _aElectronic text | ||
| 653 | _aShort stories | ||
| 653 | _aFrame-stories | ||
| 653 | _aConduct of life -- Fiction | ||
| 700 | 1 |
_aMichael, A. C. _q(Arthur C.) |
|
| 830 | 0 |
_aProject Gutenberg _v32935 |
|
| 856 | 4 | 0 | _uhttp://www.gutenberg.org/ebooks/32935 |
| 942 | _cEB | ||
| 999 |
_c262190 _d262190 |
||